LEADER 01354nam a2200289 a 4500 001 000000140095 003 CaOOAMICUS 005 20141020140121.0 008 141020s2014 it a u000 u ita r 040 $aPUL$bita 082 04$a027 100 1 $aPonziani, Luigi.$0(OLS)http://pul/name/90352 245 14$aLa "Dèlfico" nei decenni preunitari :$balle origini delle biblioteche in Abruzzo /$cLuigi Ponziani. 260 $aTeramo :$bBiblioteca provinciale "Melchiorre Delfico",$c2014. 300 $a109 p :$bill. ;$c24 cm 490 1 $aDelficina ;$v05 500 $aSul frontespizio: 200, 1814-2014, Bicentenario Biblioteca provinciale Melchiorre Dèlfico. 504 $aNote bibliografiche a piè pagina. 610 24$aBiblioteca Melchiorre Delfico (Teramo).$0(OLS)http://pul/subject/40809 830 0$aDelficina ;$v05.$0(OLS)http://pul/title/21584 850 $aPUL 852 $aPUL$W1$xDP2 Cons. Gen., Altre Classi 3$y97$m027 PONLU 1$j161831$qDDC 21$B161274$CPULBib$Z2$F161274 $H124786 $82 941 1 $a9 996 $6082$a027$9(OLS)http://pul/classification/1896 996 $6245$aLa "Dèlfico" nei decenni preunitari :$balle origini delle biblioteche in Abruzzo$9(OLS)http://pul/title/177345 996 $6260$aTeramo :$bBiblioteca provinciale "Melchiorre Delfico"$9(OLS)http://pul/publisher/54561 LEADER 01538nam a2200301 a 4500 001 000000141281 003 CaOOAMICUS 005 20150120111441.0 008 150120s2014 sp m u000 u spa r 040 $aPUL$bita 100 1 $aCervantes Blengio, Carlos Alfredo.$0(OLS)http://pul/name/90952 245 10$aAdán, tipo de Cristo en la exégesis de San Ambrosio /$cCarlos Alfredo Cervantes Blengio. 260 $aPamplona :$bUniversidad de Navarra,$c©2014. 300 $ap. [5]-59$c24 cm 490 1 $aCuadernos doctorales de la facultad de Teologia. v.62 n.1. 500 $aAbstract in inglese e spagnolo aggiunti. 502 $aEstratto da tesi -- Universidad de Navarra-- Facultad de Teologia, 2014. 504 $aBibliografia : p.47-57. 600 04$aAmbrosius,$cs., vesc. di Milano,$dc. 340-397$xCritica e interpretazione.$0(OLS)http://pul/subject/2050 630 04$aBiblia.$pN.T.$pLucas$xCommenti.$0(OLS)http://pul/subject/37891 710 2 $aUniversidad de Navarra.$bFacultad de teología.$kTesi.$0(OLS)http://pul/name/82388 830 0$aCuadernos doctorales de la Facultad deTeologia.$pExcepta e dissertationibus in Sacra Theologia ;$v62, n.1.$0(OLS)http://pul/title/178777 850 $aPUL 852 $aPUL$W1$xDP1 Tesi Varie$y51$m2014 B 11 int.1$j163131$qTesi$B162955$CPULBib$Z2$F162955 $82 941 1 $a16 996 $6245$aAdán, tipo de Cristo en la exégesis de San Ambrosio$9(OLS)http://pul/title/178775 996 $6260$aPamplona :$bUniversidad de Navarra$9(OLS)http://pul/publisher/48739